000 00253nam a2200097Ia 4500
001 704444
005 20250826162411.0
008 250824s9999 xx 000 0 und d
245 0 _aOSMANLILAR VE ERMENİLER
_cEDWARD J. ERİKSON
260 _bTİMAŞ YAYINLARI
999 _c704444
_d704444